Вулканические комплексы рифея и нижнего палеозоя Горного Алтая, Горной Шории и Салаирского кряжа

Dettagli Bibliografici
Autore principale: Белоусов А. Ф. Анатолий Федорович
Ente Autore: Академия наук СССР (АН СССР) Сибирское отделение (СО) Институт геологии и геофизики (ИГиГ)
Altri autori: Кочкин Ю. Н. Юрий Николаевич, Полякова З. Г. Зинаида Гавриловна
Riassunto:Обосновывается выделение и дается систематическое описание древних геосинклинальных вулканических комплексов. Верхнепротерозойский (почти чисто базальтоидный) вулканический комплекс отвечает раннегеосинклинальному этапу, а сложный по составу кембрийский формационный ряд эффузивов отвечает геосинклинальной стадии с резко выраженным тектоно-формацнонным расчленением области. Сравнительная характеристика петрографического и химического состава комплексов по главным группам пород вулканитов (метабазальтоидной, альбитофировой, ортофировой) выполнена на основе математико-статистических методов. Доказывается региональный вынос кальция и привнос натрия при зеленокаменном процессе, который в основном завершается в кальцитовой субфации. В последующей эпидотово-актинолитовой субфации значительных изменений химизма в эффузивных породах не происходит. Выделяются стабильные петрохимические показатели, пригодные для сравнительно-петрохимического изучения зеленокаменных вулканических ассоциаций. В качестве характерной особенности геосинклинальных базальтоидов толеитово-плагиобазальтового уклона указывается на проявление кристалло-гравитационной дифференциации и направленной эволюции состава пород на активном этапе вулканизма внутри комплексов.
Lingua:russo
Pubblicazione: Москва, Наука, 1969
Serie:Труды института геологии и геофизики СО АН СССР Вып. 22
Soggetti:
Natura: Libro
KOHA link:https://koha.lib.tpu.ru/cgi-bin/koha/opac-detail.pl?biblionumber=376133

MARC

LEADER 00000nam0a2200000 4500
001 376133
005 20231102012808.0
035 |a (RuTPU)RU\TPU\retro\33573 
035 |a RU\TPU\book\251682 
090 |a 376133 
100 |a 20221221d1969 k y0rusy50 ca 
101 0 |a rus 
102 |a RU 
105 |a a z 001zy 
200 1 |a Вулканические комплексы рифея и нижнего палеозоя Горного Алтая, Горной Шории и Салаирского кряжа  |f А. Ф. Белоусов, Ю. Н. Кочкин, З. Г. Полякова  |g Академия наук СССР (АН СССР), Сибирское отделение (СО), Институт геологии и геофизики (ИГиГ) 
210 |a Москва  |c Наука  |d 1969 
215 |a 284 с.  |c ил. 
225 1 |a Труды института геологии и геофизики СО АН СССР  |v Вып. 22 
316 |5 63413507: КР-1240  |a С автографом автора 
317 |5 63413507: КР-457  |a Поступила в НТБ в 2004 г. в составе книжного собрания профессора ТПИ К. В. Радугина. 
317 |5 63413507: КР-1240  |a Поступила в НТБ в 2004 г. в составе книжного собрания профессора ТПИ К. В. Радугина. 
320 |a Библиогр.: с. 274-279. 
330 |a Обосновывается выделение и дается систематическое описание древних геосинклинальных вулканических комплексов. Верхнепротерозойский (почти чисто базальтоидный) вулканический комплекс отвечает раннегеосинклинальному этапу, а сложный по составу кембрийский формационный ряд эффузивов отвечает геосинклинальной стадии с резко выраженным тектоно-формацнонным расчленением области. Сравнительная характеристика петрографического и химического состава комплексов по главным группам пород вулканитов (метабазальтоидной, альбитофировой, ортофировой) выполнена на основе математико-статистических методов. Доказывается региональный вынос кальция и привнос натрия при зеленокаменном процессе, который в основном завершается в кальцитовой субфации. В последующей эпидотово-актинолитовой субфации значительных изменений химизма в эффузивных породах не происходит. Выделяются стабильные петрохимические показатели, пригодные для сравнительно-петрохимического изучения зеленокаменных вулканических ассоциаций. В качестве характерной особенности геосинклинальных базальтоидов толеитово-плагиобазальтового уклона указывается на проявление кристалло-гравитационной дифференциации и направленной эволюции состава пород на активном этапе вулканизма внутри комплексов. 
606 1 |a Геологические формации, вулканические  |2 stltpush  |3 (RuTPU)RU\TPU\subj\6082  |9 34042 
610 1 |a рифей 
610 1 |a нижний палеозой 
610 1 |a Алтай 
610 1 |a Горная Шория 
610 1 |a Салаирский кряж 
610 1 |a вулканические комплексы 
610 1 |a характеристики 
610 1 |a первичные минералы 
610 1 |a вулканиты 
610 1 |a минеральные ассоциации 
610 1 |a состав 
610 1 |a петрохимические закономерности 
610 1 |a библиотека К. В. Радугина 
610 1 |a дарственная надпись 
610 1 |a дары автора 
675 |a 552.313  |v 3 
700 1 |a Белоусов  |b А. Ф.  |g Анатолий Федорович 
701 1 |a Кочкин  |b Ю. Н.  |g Юрий Николаевич 
701 1 |a Полякова  |b З. Г.  |g Зинаида Гавриловна 
712 0 2 |a Академия наук СССР (АН СССР)  |b Сибирское отделение (СО)  |b Институт геологии и геофизики (ИГиГ)  |c (Новосибирск)  |2 stltpush  |3 (RuTPU)RU\TPU\col\128 
801 1 |a RU  |b 63413507  |c 20130124 
801 2 |a RU  |b 63413507  |c 20230202  |g RCR 
942 |c BK